000
00271nam a2200097Ia 4500
082
_a
J 523.4 JEFF
245
0
_a
Gas giants : huge far off worlds
100
_a
JEFFERIS, David New York, [c.2009]
_9
81564
942
_c
BK
008
210817s9999 xx 000 0 und d
999
_c
395181
_d
395180